Crunch time? (Record no. 80061)

MARC details
000 -LEADER
fixed length control field 00894cab a22001935a 4500
001 - CONTROL NUMBER
control field L143098
008 - FIXED-LENGTH DATA ELEMENTS--GENERAL INFORMATION
fixed length control field 080117s2008 xxkad f s 000 0 eng d
035 ## - SYSTEM CONTROL NUMBER
System control number (Sirsi) u143098
041 0# - LANGUAGE CODE
Language code of text/sound track or separate title eng
100 1# - MAIN ENTRY--PERSONAL NAME
Personal name Dixon, Tim
245 00 - TITLE STATEMENT
Title Crunch time?
Remainder of title the future of the City of London
260 ## - PUBLICATION, DISTRIBUTION, ETC.
Date of publication, distribution, etc. 2008
490 #0 - SERIES STATEMENT
Series statement Property Forecast
Volume/sequential designation 11(3) March 2008, 12-14(3)
520 ## - SUMMARY, ETC.
Summary, etc. Reports that the 2007 credit crunch hit the City, which remains the centre of the UK's financial services sector. Asks how important London is both globally and in relation to other UK cities. Examines the evidence using several research reports. Finds that the Central Business District is still economically successful and robust, but that its continued success is not inevitable.
590 ## - LOCAL NOTE (RLIN)
Local note KA
651 #4 - SUBJECT ADDED ENTRY--GEOGRAPHIC NAME
Geographic name United Kingdom
Chronological subdivision
690 ## - LOCAL SUBJECT ADDED ENTRY--TOPICAL TERM (OCLC, RLIN)
Topical term or geographic name as entry element PROPERTY-COMMERCIAL PROPERTY-COMMERCIAL PROPERTY MARKET
942 ## - ADDED ENTRY ELEMENTS (KOHA)
Suppress in OPAC 0
Holdings
Withdrawn status Lost status Source of classification or shelving scheme Damaged status Not for loan Home library Current library Shelving location Date acquired Total Checkouts Full call number Barcode Date last seen Copy number Price effective from Koha item type
    Dewey Decimal Classification     London London Journal article 08/04/2008   L143098 143098-1001 06/08/2019 1 06/08/2019 Journal article